| 000 | 00489nam a2200169 i 4500 | ||
|---|---|---|---|
| 001 | 130061 | ||
| 003 | ES-MaACL | ||
| 005 | 20240501063046.0 | ||
| 007 | t| | ||
| 008 | 070717s1962 sp ||||1| spa d | ||
| 100 | 1 |
_aZúñiga, Juan Eduardo, _d1919-2020 _9118516 |
|
| 245 | 1 | 3 |
_aEl coral y las aguas / _cJuan Eduardo Zúñiga. |
| 260 |
_aBarcelona : _bSeix Barral, _c1962. |
||
| 300 |
_a201 p. ; _c18 cm. |
||
| 852 |
_aES-MaACL _jC-21721 _bR.49959 |
||
| 999 |
_c130061 _d130061 |
||